000 00677nam a2200229Ii 4500
003 JO-AjNU
008 230605s9999||||xx |||||||||||||| ||und||
017 _a2001/6/1287
020 _a9957-401-36-X
040 _aJO-AjNU
_bara
_erda
_cJO-AjNU
041 _aara
050 1 4 _aLB1028 2009
100 3 _aالخولي، محمد علي,
_eauthor
_957751
245 0 0 _aكيف تكتب بحثا
250 _aط2
264 3 1 _aعمان: دار الفلاح، 2001
300 _a170ص
_bملاحق
336 _atext
_btxt
_2rdacontent
337 _aunmediated
_bn
_2rdamedia
338 _avolume
_bnc
_2rdacarrier
650 4 _aالأبحاث - أساليب البحث
_957752
999 _aA25898
_c29466
_d29466